The Department of State bulletin; December 20, 1941.

Bibliographic Details
Corporate Author: United States. Department of State
Format: Government Document eBook
Language:English
Published: [Washington] : [publisher not identified], 1941.
Subjects:
Online Access:Electronic resource (PDF)

MARC

Tag First Indicator Second Indicator Subfields
LEADER 00000cam a22000001i 4500
001 in00003953213
006 m d f
007 cr bn mmmapmmp
008 410727s1941 dcu o f000 0 eng d
005 20250210232527.5
035 |a ebd1940003965 
040 |a UMI  |c UMI  |e rda  |d UtOrBLW 
086 0 |a S 1.3:5/130 
099 |a S1.3..5_130 
110 1 |a United States.  |b Department of State.  |0 http://id.loc.gov/authorities/names/n80126198 
245 1 4 |a The Department of State bulletin; December 20, 1941. 
264 1 |a [Washington] :  |b [publisher not identified],  |c 1941. 
300 |a 1 online resource (44 ppages), digital, PDF file 
336 |a text  |b txt  |2 rdacontent 
337 |a computer  |b c  |2 rdamedia 
338 |a online resource  |b cr  |2 rdacarrier 
500 |a Summary of past policy in the Pacific; French vessel taken over by U.S.; protection of U.S. nationals in foreign countries; compensation for Mexican petroleum; 150th anniversary of the adoption of the Bill of Rights; interests of belligerent countries; treaties information. 
533 |a Electronic reproduction.  |b [Bethesda, Md.] :  |c ProQuest,  |d 2016  |e digital, PDF file.  |n ProQuest U.S. Executive Branch Documents  |n Mode of access: World Wide Web via ProQuest website. 
588 |a Record is based on online resource; title from PDF title page (ProQuest, last viewed Oct. 2016). Reuse except for individual research requires license from ProQuest, LLC. 
650 0 |a Democracy.  |0 http://id.loc.gov/authorities/subjects/sh85036647 
650 0 |a Merchant marine.  |0 http://id.loc.gov/authorities/subjects/sh85083757 
650 0 |a Neutrality.  |0 http://id.loc.gov/authorities/subjects/sh85091195 
650 0 |a Press.  |0 http://id.loc.gov/authorities/subjects/sh85106500 
856 4 0 |u http://proxy.library.tamu.edu/login?url=http://congressional.proquest.com/congressional/docview/t66.d71.s1.3..5_130?  |y Electronic resource (PDF)  |t 0 
999 f f |s 46a6c872-3208-344b-8cdb-4db7ee0fc506  |i 52d9207a-3d38-39c0-a35f-d5167b41948b  |t 0 
952 f f |a Texas A&M University  |b College Station  |c Electronic Resources  |d Available Online  |t 0  |h No information provided 
998 f f |t 0  |l Available Online